Two Countries in One Flag - Statistics

General Stats
  • This quiz has been taken 35 times
  • The average score is 10 of 11
Answer Stats
Picture Hint Answer % Correct
Franxico France and Mexico
100%
Chinocco China and Morocco
97%
Austranon Austria and Lebanon
93%
Polta Poland and Malta
93%
Serbania Serbia and Albania
93%
Uruguina Argentina and Uruguay
90%
Greesweden Greece and Sweden
90%
Syrgypt Syria and Egypt
90%
Colozuela Colombia and Venezuela
83%
Japaine Ukraine and Japan
77%
Czelippines Czech Republic and Philippines
47%
No matching quizzes found
Score Distribution
Percent of People with Each Score
Percentile by Number Answered
Your Score History
You have not taken this quiz